[Event "SN-2011-0-00388"]
[Site "LSS email"]
[Date "2011.10.17"]
[Round "?"]
[White "Lykhomano, Romano"]
[Black "Talbot, Olivier"]
[Result "1/2-1/2"]
[WhiteElo "908"]
[BlackElo "1047"]
[PlyCount "45"]
[EventDate "2011.10.01"]
[EventType "tourn (corr)"]
[EventRounds "6"]
[EventCountry "GER"]
[SourceTitle "Telechess CBM 149"]
[Source "ChessBase"]
[SourceDate "2012.07.17"]
[SourceVersion "1"]
[SourceVersionDate "2012.07.17"]
[SourceQuality "1"]

1. d4 d5 2. c4 Nf6 3. Nc3 e6 4. Bg5 Be7 5. e3 h6 6. Bxf6 Bxf6 7. Nf3 Nc6 8. Bd3 dxc4 9. Bxc4 Ne7 10. 0-0 c6 11. Ne4 Nd5 12. Nxf6+ Nxf6 13. Rc1 0-0 14. Ne5 Qe7 15. Bd3 Nh7 16. Qd2 Bd7 17. Nxd7 Qxd7 18. Bxh7+ Kxh7 19. Rfd1 Rfd8 20. Qc2+ g6 21. Qc5 f6 22. h3 Kg7 23. Kh2 1/2-1/2